[Event "Plymouth (MI Op/5/9)"]
[Site "?"]
[Date "1984.??.??"]
[Round "?"]
[White "Johnson, Ty"]
[Black "Bailey, Greg"]
[Result "1/2-1/2"]
[WhiteElo "2120"]
[BlackElo "1985"]
[PlyCount "83"]
[EventDate "1984.??.??"]

{5/(9)} 1. e4 e6 2. d4 d5 3. Nd2 Nf6 4. e5 Nfd7 5. Bd3 c5 6. c3 Nc6 7. Ne2 cxd4
8. cxd4 Nb4 9. Bb1 b6 10. a3 Nc6 11. f4 g6 12. Bd3 Ndb8 13. O-O Ba6 14. Nf3
Bxd3 15. Qxd3 h5 16. Ng5 Ne7 17. Bd2 Nbc6 18. Rac1 Rc8 19. b4 Nf5 20. b5 Na5
21. Rxc8 Qxc8 22. Bxa5 bxa5 23. Rc1 Qb7 24. Qc3 Ne7 25. Qxa5 Qb6 26. Qxb6 axb6
27. Rc7 Bh6 28. Rb7 Bxg5 29. fxg5 Nc8 30. h4 O-O 31. Nc3 Re8 32. Na4 Ne7 33.
Nxb6 Nf5 34. Nd7 Ra8 35. b6 Rxa3 36. Rb8+ Kg7 37. Nf6 Ne7 38. Re8 Ra1+ 39. Kh2
Rb1 40. Rxe7 Rxb6 41. Re8 Rb8 42. Rxb8 1/2-1/2

[Event "East Detroit (MCO/1/40)"]
[Site "?"]
[Date "1984.??.??"]
[Round "?"]
[White "Johnson, To"]
[Black "Libby, Dan"]
[Result "0-1"]
[WhiteElo "1605"]
[BlackElo "1725"]
[PlyCount "58"]
[EventDate "1984.??.??"]

{1/(40)} 1. e4 g6 2. Nf3 Bg7 3. Nc3 c5 4. d4 cxd4 5. Nxd4 Nc6 6. Be3 d6 7. Bc4
Nf6 8. h3 O-O 9. Qd2 Nxe4 10. Nxe4 d5 11. Nxc6 bxc6 12. Nc3 dxc4 13. O-O Qxd2
14. Bxd2 Rd8 15. Rad1 Bf5 16. Bg5 f6 17. Be3 Bxc2 18. Rxd8+ Rxd8 19. Bxa7 f5
20. Re1 e5 21. Re2 Bd3 22. Rd2 e4 23. Be3 Rb8 24. f3 exf3 25. gxf3 Re8 26. Kf2
Bf6 27. f4 Kf7 28. Kf3 g5 29. fxg5 Rxe3+ 0-1

[Event "Plymouth (MI Op/7/11)"]
[Site "?"]
[Date "1984.??.??"]
[Round "?"]
[White "Johnson, Ri"]
[Black "Youssef, I.."]
[Result "1-0"]
[WhiteElo "1895"]
[BlackElo "2115"]
[PlyCount "117"]
[EventDate "1984.??.??"]

{7/(11)} 1. e4 d5 2. exd5 Nf6 3. Bb5+ Bd7 4. Bc4 Bg4 5. f3 Bf5 6. Nc3 Nbd7 7.
Nge2 Nb6 8. Bb5+ Bd7 9. Bd3 Nbxd5 10. Nxd5 Nxd5 11. Be4 c6 12. b3 e5 13. Bb2
Qg5 14. c4 Nf4 15. Nxf4 Qxf4 16. Qe2 O-O-O 17. Qf2 b6 18. O-O-O Bc5 19. Qg3
Qxg3 20. hxg3 f5 21. Bc2 Rde8 22. d4 exd4 23. Bxd4 Re2 24. Bxc5 bxc5 25. Rd2
Rxd2 26. Kxd2 g6 27. Rh6 Be6 28. Kc3 Kd7 29. g4 Ke7 30. gxf5 gxf5 31. Rh5 Kf6
32. Rh6+ Ke7 33. Kd2 Kf7 34. Ke3 Bd7 35. Kf4 a6 36. Bxf5 Kg7 37. Rh5 Be8 38.
Rh4 h5 39. g4 Rf8 40. Ke5 Rf6 41. gxh5 Rh6 42. Bg4 Bg6 43. Rh2 Kf8 44. Kd6 a5
45. Kxc5 Be8 46. Re2 Rh7 47. Re5 a4 48. bxa4 Ra7 49. h6 Rh7 50. Re6 Ra7 51. Kb6
Rf7 52. Rxe8+ Kxe8 53. Bh5 Ke7 54. Bxf7 Kxf7 55. a5 c5 56. a6 Kg6 57. a7 Kxh6
58. a8=Q Kg5 59. Qe4 1-0

[Event "East Detroit (MCO/3/21)"]
[Site "?"]
[Date "1984.??.??"]
[Round "?"]
[White "Johnson, Ri"]
[Black "Theuerle, P.."]
[Result "1-0"]
[WhiteElo "1935"]
[BlackElo "1605"]
[PlyCount "114"]
[EventDate "1984.??.??"]

{3/(21)} 1. d4 Nf6 2. c4 d6 3. Qc2 c5 4. Nf3 Nc6 5. d5 Nb8 6. Nc3 e5 7. Bg5 Be7
8. Nd2 Ng4 9. Bxe7 Qxe7 10. h3 Nf6 11. g3 a6 12. Bg2 Bd7 13. a4 a5 14. Be4 g6
15. Nf1 Na6 16. Qd2 Nb4 17. Ne3 h5 18. Bc2 Nh7 19. g4 h4 20. Nb5 Bxb5 21. cxb5
b6 22. O-O-O Qg5 23. Nc4 Qd8 24. Qh6 Qc7 25. Qxh4 Nxc2 26. Kxc2 g5 27. Qg3
O-O-O 28. h4 Kb7 29. h5 Qd7 30. Qf3 Qe7 31. Ne3 e4 32. Qg3 f6 33. Nf5 Qe5 34.
Qxe5 fxe5 35. Rhf1 Nf6 36. Ne3 Kc8 37. f3 Rdf8 38. fxe4 Nxe4 39. Rxf8+ Rxf8 40.
Rf1 Rxf1 41. Nxf1 Nf6 42. Ne3 Kd7 43. h6 Nh7 44. Kd3 Nf6 45. Kc3 Kc7 46. Kd2
Kd7 47. Nf5 Kc7 48. Ng7 Kd7 49. Ne6 Nh7 50. Ke3 Ke7 51. Ke4 Kf6 52. Nc7 Kg6 53.
Na8 Nf6+ 54. Kf3 Nxd5 55. e4 Ne7 56. Nxb6 Kxh6 57. Nd5 Kg7 1-0

[Event "East Detroit (MCO/5/19)"]
[Site "?"]
[Date "1984.??.??"]
[Round "?"]
[White "Johnson, Ri"]
[Black "Proszkow, T.."]
[Result "1-0"]
[WhiteElo "1935"]
[BlackElo "1650"]
[PlyCount "116"]
[EventDate "1984.??.??"]

{5/(19)} 1. e4 c5 2. Nc3 Nc6 3. g3 d6 4. Bg2 Nf6 5. d3 h6 6. Nge2 e6 7. Be3 Be7
8. O-O O-O 9. Qd2 Ng4 10. d4 Nxe3 11. Qxe3 cxd4 12. Nxd4 Bd7 13. Rfe1 Rb8 14.
Nxc6 bxc6 15. Qxa7 c5 16. Rad1 Re8 17. e5 Rxb2 18. Rb1 Rxb1 19. Rxb1 d5 20. Rb7
Bc6 21. Rb6 Qa8 22. Qxa8 Bxa8 23. Bf1 c4 24. a4 Bc5 25. Rb5 Bd4 26. Nd1 Bxe5
27. Bxc4 Bc6 28. Ra5 dxc4 29. Rxe5 Bxa4 30. Ne3 Rc8 31. Kf1 Kf8 32. Ke1 Ke7 33.
Kd2 c3+ 34. Kd3 Kd6 35. Ra5 Be8 36. Nd1 Rc7 37. Nxc3 Ke7 38. Re5 Kf6 39. Re4
Kg6 40. Rg4+ Kf6 41. Rf4+ Kg6 42. Nd1 e5 43. Rb4 f6 44. Ne3 Bf7 45. c4 Kg5 46.
Rb5 Bg6+ 47. Kc3 Kh5 48. h4 Be4 49. Ra5 Kg6 50. Kb4 Kf7 51. c5 Ke6 52. Ra6+ Kd7
53. Nc4 Bc6 54. Nd6 Bf3 55. Nf5 Ke8 56. Nd6+ Kd7 57. Nf5 Ke8 58. Rb6 Be4 1-0

[Event "Plymouth (MI Op/5/14)"]
[Site "?"]
[Date "1984.??.??"]
[Round "?"]
[White "Johnson, Ri"]
[Black "Palmer, Tony"]
[Result "1/2-1/2"]
[WhiteElo "1895"]
[BlackElo "2085"]
[PlyCount "92"]
[EventDate "1984.??.??"]

{5/(14)} 1. e4 e5 2. Nf3 Nc6 3. Bb5 a6 4. Ba4 Nf6 5. O-O Nxe4 6. d4 b5 7. Bb3
d5 8. dxe5 Be6 9. Qe2 Bc5 10. Be3 Bxe3 11. Qxe3 Qe7 12. Rd1 Rd8 13. Nc3 Nxc3
14. Qxc3 Nb8 15. Qe1 c5 16. c3 O-O 17. Rd2 Nc6 18. Rad1 c4 19. Bc2 a5 20. Qe3
Qc7 21. Qc5 Qb7 22. Qe3 Ne7 23. Ng5 g6 24. Ne4 Nf5 25. Nf6+ Kg7 26. Bxf5 Bxf5
27. Rd4 h6 28. Rxd5 Rxd5 29. Rxd5 Be6 30. Rd4 b4 31. Rh4 g5 32. Rd4 Rb8 33. Rd2
bxc3 34. Qxc3 Qb4 35. f3 Rb5 36. Re2 Qxc3 37. bxc3 Rb1+ 38. Kf2 Rc1 39. g4 Rxc3
40. Rb2 Ra3 41. Rb8 Rxa2+ 42. Kg3 h5 43. Rg8+ Kh6 44. Rh8+ Kg7 45. Rg8+ Kh6 46.
Rh8+ Kg7 1/2-1/2

[Event "East Detroit (MCO/1/25)"]
[Site "?"]
[Date "1984.??.??"]
[Round "?"]
[White "Johnson, Ri"]
[Black "Nixon, Peter"]
[Result "1-0"]
[WhiteElo "1935"]
[BlackElo "1605"]
[PlyCount "75"]
[EventDate "1984.??.??"]

{1/(25)} 1. d4 d5 2. c4 Nf6 3. cxd5 Qxd5 4. Nc3 Qd8 5. e4 e5 6. d5 Bb4 7. Qa4+
c6 8. Qxb4 cxd5 9. exd5 Nxd5 10. Qb5+ Nc6 11. Qxd5 Qf6 12. Nf3 O-O 13. Bg5 Qf5
14. Bd3 Qg4 15. O-O a6 16. Nxe5 Qxg5 17. Nxc6 Qxd5 18. Ne7+ Kh8 19. Nexd5 Be6
20. Nc7 Rad8 21. Nxe6 fxe6 22. Rad1 Rd7 23. Bc4 Re7 24. Rd2 b5 25. Bb3 e5 26.
Rfd1 Ree8 27. Rd6 b4 28. Ne4 Ra8 29. Ng5 h6 30. Nf7+ Kh7 31. Nxe5 a5 32. Bc2+
Kg8 33. Nf7 Kxf7 34. Bb3+ Ke7 35. Re6+ Kf7 36. Rd7+ Kg8 37. Ree7+ Kh8 38. Rxg7
1-0

[Event "Plymouth (MI Op/4/33)"]
[Site "?"]
[Date "1984.??.??"]
[Round "?"]
[White "Johnson, Ri"]
[Black "Karadsheh, Z.."]
[Result "1-0"]
[WhiteElo "1895"]
[BlackElo "1605"]
[PlyCount "33"]
[EventDate "1984.??.??"]

{4/(33)} 1. e4 e5 2. Bc4 Nf6 3. Nf3 Nc6 4. O-O Be7 5. d4 exd4 6. Nxd4 Nxd4 7.
Qxd4 d6 8. Nc3 O-O 9. Bf4 Nh5 10. Be3 Nf6 11. Rfd1 Ng4 12. Nd5 Ne5 13. Bb3 Bg5
14. Re1 Bxe3 15. Rxe3 Qh4 16. Rg3 Bh3 17. f4 1-0

[Event "Plymouth (MI Op/2/19)"]
[Site "?"]
[Date "1984.??.??"]
[Round "?"]
[White "Johnson, Ri"]
[Black "Finegold, Ben"]
[Result "1-0"]
[WhiteElo "1895"]
[BlackElo "2250"]
[PlyCount "75"]
[EventDate "1984.??.??"]

{2/(19)} 1. d4 Nf6 2. c4 e6 3. g3 d5 4. Bg2 Be7 5. Nc3 O-O 6. Nf3 Nbd7 7. cxd5
exd5 8. O-O Re8 9. Qc2 c6 10. h3 Nf8 11. a3 a5 12. b3 Bd6 13. Bg5 h6 14. Bxf6
Qxf6 15. Na4 Bf5 16. Qd2 Ne6 17. Nb6 Rad8 18. b4 axb4 19. axb4 Be4 20. Rfd1
Bxf3 21. Bxf3 Ng5 22. Kg2 Qe6 23. Rh1 Ne4 24. Qe1 Qf6 25. e3 Ng5 26. Bg4 Qe7
27. Rb1 Bc7 28. Na4 Ra8 29. Nc3 Bd6 30. h4 Ne4 31. b5 Bb4 32. Nxd5 cxd5 33.
Qxb4 Ra2 34. Rhf1 Qc7 35. Rb2 Rea8 36. Bf3 R8a4 37. Qb3 R2a3 38. Qxd5 1-0

[Event "Plymouth (MI Op/1b/43)"]
[Site "?"]
[Date "1984.??.??"]
[Round "?"]
[White "Johnson, J.."]
[Black "Suess, J.."]
[Result "1-0"]
[WhiteElo "1605"]
[BlackElo "1605"]
[PlyCount "113"]
[EventDate "1984.??.??"]

1. e4 Nf6 2. e5 Nd5 3. d4 e6 4. Nf3 a6 5. c4 Nb4 6. Nc3 c6 7. a3 Qa5 8. Be3 d5
9. c5 Nd7 10. axb4 Qxb4 11. Qc2 Nxc5 12. dxc5 Bxc5 13. Bxc5 Qxc5 14. Bd3 h6 15.
O-O b5 16. Rac1 Bb7 17. Na2 Qb6 18. Qc5 Qxc5 19. Rxc5 O-O 20. Nd4 Rfc8 21. Rfc1
Kf8 22. Nxc6 Ke8 23. Na5 Rxc5 24. Rxc5 Rc8 25. Rxc8+ Bxc8 26. Nb4 f6 27. Bg6+
Kf8 28. f4 d4 29. Kf2 fxe5 30. fxe5 Ke7 31. Nbc6+ Kd7 32. Nxd4 Kc7 33. Bf7 Kb6
34. b4 g5 35. Bxe6 Bxe6 36. Nxe6 g4 37. Nc6 Kxc6 38. Nf4 h5 39. Ke3 h4 40. Kd4
Kd7 41. Kd5 a5 42. bxa5 b4 43. Nd3 b3 44. a6 Kc7 45. a7 Kb7 46. Nc5+ Kxa7 47.
Nxb3 Kb7 48. Kd6 g3 49. hxg3 hxg3 50. e6 Kb6 51. e7 Kb5 52. e8=Q+ Kb4 53. Qc8
Ka3 54. Nd4 Kb2 55. Kd5 Kb1 56. Qc2+ Ka1 57. Nb3# 1-0

[Event "Plymouth (MI Op/7/44)"]
[Site "?"]
[Date "1984.??.??"]
[Round "?"]
[White "Johnson, J.."]
[Black "Morris, Jason"]
[Result "0-1"]
[WhiteElo "1605"]
[BlackElo "1755"]
[PlyCount "94"]
[EventDate "1984.??.??"]

{7/(44)} 1. e4 c5 2. Nf3 d6 3. Bb5+ Bd7 4. Bxd7+ Qxd7 5. d4 cxd4 6. Nxd4 Nf6 7.
Nc3 g6 8. O-O Bg7 9. Kh1 Nc6 10. Nxc6 Qxc6 11. Qe2 O-O 12. Rb1 a6 13. Bg5 Rac8
14. Rfc1 Rfe8 15. Bxf6 exf6 16. Qd3 b5 17. Nd5 f5 18. exf5 Re5 19. fxg6 Qxd5
20. gxf7+ Qxf7 21. Qxd6 Qxa2 22. Kg1 Qe6 23. Qxe6+ Rxe6 24. c3 Rce8 25. Kf1 Re2
26. Re1 Rxe1+ 27. Rxe1 Rxe1+ 28. Kxe1 Kf7 29. Kd2 Ke6 30. Kd3 Kd5 31. f4 h5 32.
g3 Bf8 33. b3 a5 34. c4+ bxc4+ 35. bxc4+ Kc5 36. Kc3 a4 37. Kb2 Kxc4 38. Ka2
Kd3 39. h3 Ke4 40. f5 Kxf5 41. g4+ hxg4 42. hxg4+ Kxg4 43. Kb2 Kf4 44. Ka2 Ke4
45. Kb2 Kd3 46. Ka2 Kc3 47. Kb1 Kb3 0-1

[Event "Plymouth (MI Op/4/12)"]
[Site "?"]
[Date "1984.??.??"]
[Round "?"]
[White "Johnson, J.."]
[Black "Jarosz, Stan"]
[Result "0-1"]
[WhiteElo "1605"]
[BlackElo "2035"]
[PlyCount "62"]
[EventDate "1984.??.??"]

{4/(12)} 1. e4 e6 2. d4 d5 3. Nd2 c5 4. exd5 exd5 5. Bb5+ Nc6 6. Qe2+ Be7 7.
dxc5 Nf6 8. Ngf3 O-O 9. O-O Bxc5 10. Nb3 Bd6 11. Bg5 a6 12. Bxc6 bxc6 13. Rfe1
c5 14. Qd2 Be6 15. Rad1 a5 16. c3 a4 17. Nc1 h6 18. Bh4 Be7 19. Bxf6 Bxf6 20.
Nd3 Qb6 21. Nf4 Rfb8 22. Nxe6 fxe6 23. Rb1 Re8 24. Ne5 Qc7 25. Nf3 Rab8 26. Qc2
e5 27. Qxa4 e4 28. Nd2 Ra8 29. Qb3 c4 30. Qb5 Red8 31. a3 Ra5 0-1

[Event "Plymouth (MI Op/3/7)"]
[Site "?"]
[Date "1984.??.??"]
[Round "?"]
[White "Johnson, J.."]
[Black "Brooks, John"]
[Result "1/2-1/2"]
[WhiteElo "1605"]
[BlackElo "2125"]
[PlyCount "94"]
[EventDate "1984.??.??"]

{3/(7)} 1. e4 d5 2. exd5 Nf6 3. Nf3 Nxd5 4. d4 Bg4 5. c4 Nb6 6. Be3 e6 7. a3 a5
8. Nbd2 N8d7 9. h3 Bh5 10. Be2 a4 11. O-O c5 12. Rc1 Qc7 13. Re1 Be7 14. Qc2
Bg6 15. Bd3 Bxd3 16. Qxd3 O-O 17. Ne4 Rfd8 18. Neg5 Nf8 19. Qc3 Rac8 20. Qa5
cxd4 21. Bxd4 Rxd4 22. Nxd4 Nxc4 23. Qxc7 Rxc7 24. Ngf3 Rc5 25. Rc2 b6 26. Rec1
Nxb2 27. Rxc5 bxc5 28. Nc6 Bd6 29. Nfe5 Ng6 30. Nc4 Nf4 31. Rc2 Nxc4 32. Rxc4
Ne2+ 33. Kf1 Nd4 34. Nxd4 cxd4 35. Rxd4 Bxa3 36. Rxa4 Bf8 37. Ke2 g6 38. Kf3
Bc5 39. g3 h5 40. Ra2 Kg7 41. Ke4 Kf6 42. f4 Bb4 43. Ra7 Be1 44. Kf3 Bc3 45. g4
hxg4+ 46. hxg4 Bd4 47. Ra6 Bc3 1/2-1/2

[Event "East Detroit (MCO/4/26)"]
[Site "?"]
[Date "1984.??.??"]
[Round "?"]
[White "Johnson, C.."]
[Black "Vedua, J.."]
[Result "1/2-1/2"]
[WhiteElo "1755"]
[BlackElo "1605"]
[PlyCount "140"]
[EventDate "1984.??.??"]

{4/(26)} 1. e4 e5 2. f4 exf4 3. Nf3 d6 4. Bc4 Be7 5. d4 Nc6 6. O-O Bg4 7. Bxf4
Nf6 8. Nc3 Qd7 9. d5 Bxf3 10. Qxf3 Ne5 11. Bxe5 dxe5 12. Qg3 O-O 13. Qxe5 Bd6
14. Qg5 Qg4 15. Qe3 b6 16. Kh1 Rfe8 17. Rae1 a6 18. a4 Qh4 19. h3 Nh5 20. Rf3
Ng3+ 21. Kg1 Bc5 22. d6 Bxe3+ 23. Rexe3 Rf8 24. Rxg3 cxd6 25. Nd5 Rac8 26. Bb3
Qd8 27. Ref3 Kh8 28. Rg4 Qd7 29. Rfg3 f6 30. Nxb6 Qa7 31. a5 Rc7 32. Kh2 Re7
33. Nd5 Rd7 34. Nb6 Rb7 35. h4 Re8 36. Bd5 Rc7 37. Rb3 Rf8 38. Re3 Re7 39. Reg3
Qc7 40. h5 Qc5 41. Ra3 Qd4 42. h6 g6 43. Rag3 Qd1 44. Rf3 Qd4 45. Rgf4 Qxb2 46.
Kg1 Qe5 47. g3 Qg5 48. Rh4 f5 49. Kg2 Qd2+ 50. Rf2 Qg5 51. Na4 Ree8 52. Nc3 Qe3
53. Nd1 Qe1 54. Rh1 Qxa5 55. Rhf1 Re5 56. Ne3 Qd8 57. Ng4 Ree8 58. exf5 gxf5
59. Rxf5 Rxf5 60. Rxf5 Rf8 61. Rh5 Qe8 62. Rg5 Qe2+ 63. Kh3 Qe7 64. Rg7 Qd8 65.
Be4 Qc8 66. Rxh7+ Kg8 67. Rg7+ Kh8 68. Bd5 Qf5 69. Kh4 a5 70. Rg5 Qh7 1/2-1/2

[Event "Plymouth (MI Op/2/55)"]
[Site "?"]
[Date "1984.??.??"]
[Round "?"]
[White "Johnson, C.."]
[Black "Hutchings, C.."]
[Result "1-0"]
[WhiteElo "1755"]
[BlackElo "1605"]
[PlyCount "55"]
[EventDate "1984.??.??"]

{2/(55)} 1. e4 g6 2. d4 Bg7 3. Nf3 c6 4. c4 d5 5. e5 e6 6. Bg5 Ne7 7. cxd5 cxd5
8. Nc3 O-O 9. Qd2 Nbc6 10. Bf6 Bxf6 11. exf6 Nf5 12. g4 Nd6 13. g5 Nf5 14. Bd3
Nfxd4 15. Nxd4 Nxd4 16. Qe3 Nf5 17. Bxf5 exf5 18. Qh3 Kh8 19. Qh6 Rg8 20. O-O
b6 21. Rad1 Bb7 22. Rfe1 d4 23. Re7 Qf8 24. Qh4 dxc3 25. Rd4 c2 26. Qxh7+ Kxh7
27. Rh4+ Qh6 28. Rxh6# 1-0

[Event "East Detroit (MCO/3/12)"]
[Site "?"]
[Date "1984.??.??"]
[Round "?"]
[White "Johnson, C.."]
[Black "Forte, Joe"]
[Result "0-1"]
[WhiteElo "1755"]
[BlackElo "2020"]
[PlyCount "106"]
[EventDate "1984.??.??"]

{3/(12)} 1. e4 e6 2. d4 d5 3. exd5 exd5 4. Nf3 Nf6 5. Bd3 Bd6 6. Bg5 Qe7+ 7.
Be2 h6 8. Bh4 Bf5 9. Nc3 c6 10. Qd2 Nbd7 11. O-O-O O-O-O 12. Rhe1 Qf8 13. Bd3
Bg4 14. h3 Bxf3 15. gxf3 g5 16. Bg3 Nh5 17. Ne2 Nxg3 18. Nxg3 Bf4 19. Re3 Nf6
20. Bf5+ Kb8 21. Qa5 Qd6 22. Rdd3 Rhe8 23. Ra3 a6 24. Nf1 Qc7 25. Qa4 Nd7 26.
Rab3 Ka7 27. Kd1 Bxe3 28. fxe3 b5 29. Qa3 Nf8 30. Qc5+ Qb6 31. Qc3 Ne6 32. a4
Qc7 33. Bxe6 fxe6 34. axb5 Rb8 35. bxc6 Rxb3 36. Qxb3 Qxc6 37. Qb4 Rb8 38. Qa3
Qb5 39. Nd2 Qb4 40. Qxb4 Rxb4 41. b3 Rb5 42. Ke2 Kb6 43. c3 Ra5 44. Kd3 Ra1 45.
e4 Rh1 46. exd5 exd5 47. c4 Kc6 48. c5 Rxh3 49. Ke2 Rh2+ 50. Ke3 h5 51. b4 h4
52. Nb3 h3 53. Na5+ Kc7 0-1

[Event "Plymouth (MI Op/4/24)"]
[Site "?"]
[Date "1984.??.??"]
[Round "?"]
[White "Johnson, C.."]
[Black "Forte, Joe"]
[Result "0-1"]
[WhiteElo "1755"]
[BlackElo "2020"]
[PlyCount "102"]
[EventDate "1984.??.??"]

{4/(24)} 1. e4 c5 2. d4 cxd4 3. c3 d3 4. Bxd3 g6 5. Na3 Bg7 6. Bg5 Nc6 7. Nf3
h6 8. Bh4 a6 9. O-O Nf6 10. Nc4 d5 11. e5 dxc4 12. exf6 Bxf6 13. Bxf6 exf6 14.
Re1+ Kf8 15. Bxc4 Kg7 16. Qe2 Qc7 17. Rad1 Bg4 18. Bd5 Ne5 19. h3 Bxf3 20. Bxf3
Rhe8 21. Qe4 Rab8 22. Qf4 Rbc8 23. Qe4 Rb8 24. Qf4 Rbc8 25. Qe4 Re7 26. Bg4
Rce8 27. Qb1 f5 28. Be2 f4 29. Kh1 Qc6 30. f3 Qe6 31. Qe4 Qxa2 32. Qxf4 Qxb2
33. Qd4 Rd7 34. Qe3 Rde7 35. Qd4 Kh7 36. Rb1 Qc2 37. Rbc1 Qf5 38. g4 Qc8 39.
Bd1 Nxf3 40. Bxf3 Rxe1+ 41. Rxe1 Rxe1+ 42. Kg2 b5 43. Qd5 Qe6 44. Qb7 Qa2+ 45.
Kg3 Rg1+ 46. Kf4 Qd2+ 47. Ke5 Kg7 48. Bd5 Qxc3+ 49. Kd6 Qf6+ 50. Kc5 Rc1+ 51.
Kb4 Qc3# 0-1

[Event "East Detroit (MCO/6/15)"]
[Site "?"]
[Date "1984.??.??"]
[Round "?"]
[White "Johnson, C.."]
[Black "Brattin, Vincent"]
[Result "1-0"]
[WhiteElo "1755"]
[BlackElo "1965"]
[PlyCount "79"]
[EventDate "1984.??.??"]

{6/(15)} 1. e4 e5 2. f4 Nc6 3. Nf3 exf4 4. Bc4 Bc5 5. d4 Nxd4 6. Nxd4 Qh4+ 7.
Kf1 d6 8. c3 Nf6 9. Nd2 Ng4 10. Qe2 Ne3+ 11. Kg1 Bg4 12. Qf2 Qxf2+ 13. Kxf2 Nc2
14. Rb1 Nxd4 15. cxd4 Bxd4+ 16. Ke1 Be6 17. Bxe6 fxe6 18. Nf3 Be5 19. b3 O-O
20. Nxe5 dxe5 21. Ke2 Rf7 22. Bb2 Raf8 23. Rhf1 g5 24. Rbc1 c6 25. Rc5 g4 26.
Rxe5 f3+ 27. gxf3 gxf3+ 28. Ke3 h6 29. Rf2 Rf6 30. Rh5 Rg6 31. Rxf3 Rd8 32.
Rhh3 Rd7 33. Rhg3 Kh7 34. Rxg6 Kxg6 35. Rf6+ Kg5 36. Rxe6 h5 37. Bf6+ Kg4 38.
Re7 Rd6 39. e5 Rd1 40. Rxb7 1-0

[Event "Plymouth (MI Op/6/55)"]
[Site "?"]
[Date "1984.??.??"]
[Round "?"]
[White "Johnson, B.."]
[Black "Kung, Fred"]
[Result "0-1"]
[WhiteElo "1605"]
[BlackElo "1750"]
[PlyCount "56"]
[EventDate "1984.??.??"]

{6/(55)} 1. d4 d5 2. c4 e6 3. Nf3 c5 4. cxd5 exd5 5. dxc5 Bxc5 6. e3 Nc6 7. Be2
Nf6 8. O-O O-O 9. a3 Re8 10. b4 Bb6 11. Bb2 Bg4 12. b5 Na5 13. Nbd2 Qd6 14. h3
Bh5 15. Nb3 Nxb3 16. Qxb3 Bc7 17. g3 Ne4 18. Kg2 Nxg3 19. Rfc1 Nxe2 20. Rxc7
Qxc7 21. Qxd5 Bxf3+ 22. Qxf3 Qc2 23. Re1 Qxb2 24. Rxe2 Qxb5 25. Rc2 Rac8 26.
Qd1 Rxc2 27. Qxc2 Qc6+ 28. Kg1 Qxc2 0-1

[Event "Plymouth (MI Op/4/52)"]
[Site "?"]
[Date "1984.??.??"]
[Round "?"]
[White "Johnson, B.."]
[Black "Finegold, Ben"]
[Result "0-1"]
[WhiteElo "1605"]
[BlackElo "2250"]
[PlyCount "92"]
[EventDate "1984.??.??"]

{4/(52)} 1. d4 Nf6 2. c4 c5 3. d5 b5 4. Nc3 b4 5. Na4 Qa5 6. b3 g6 7. Bb2 Bg7
8. Qc2 O-O 9. e4 d6 10. Bd3 Bd7 11. Ke2 e6 12. f3 exd5 13. cxd5 Bxa4 14. bxa4
Nbd7 15. Nh3 Nb6 16. Bb5 c4 17. a3 b3 18. Qc3 Qxc3 19. Bxc3 a5 20. Rhc1 Rfc8
21. Rab1 Nfd7 22. Bxg7 Kxg7 23. Bc6 Rab8 24. Ke3 Nc5 25. Kd4 Ncxa4 26. Bxa4
Nxa4 27. Rxc4 Rxc4+ 28. Kxc4 b2 29. Kd3 Rb3+ 30. Kc2 Rc3+ 31. Kd2 Rxa3 32. Kc2
Kf6 33. Nf2 Ke5 34. Nd3+ Kd4 35. Nxb2 Ra2 36. Kb3 Rxb2+ 37. Rxb2 Nxb2 38. Kxb2
f5 39. exf5 gxf5 40. g4 fxg4 41. fxg4 Kxd5 42. Kb3 Ke4 43. Ka4 d5 44. Kxa5 d4
45. Kb4 d3 46. Kc3 Ke3 0-1

[Event "Plymouth (MI Op/2/37)"]
[Site "?"]
[Date "1984.??.??"]
[Round "?"]
[White "Johnson, B.."]
[Black "Bolda, Dan G"]
[Result "0-1"]
[WhiteElo "1605"]
[BlackElo "1860"]
[PlyCount "80"]
[EventDate "1984.??.??"]

{2/(37)} 1. d4 Nf6 2. c4 e5 3. dxe5 Ng4 4. Nf3 Nc6 5. e4 Bc5 6. Be3 Bxe3 7.
fxe3 Nxe3 8. Qd2 Ng4 9. Qc3 Qe7 10. Nbd2 Ngxe5 11. Be2 d6 12. Nb3 Bg4 13. O-O
O-O 14. h3 Bh5 15. Rae1 Bg6 16. Nxe5 Nxe5 17. Bf3 Rae8 18. Nd4 Nxf3+ 19. Qxf3
Qe5 20. Qf2 Qc5 21. b3 Rxe4 22. Rxe4 Bxe4 23. Re1 Bg6 24. Re7 d5 25. Qe3 dxc4
26. Re8 cxb3 27. Rxf8+ Qxf8 28. Nxb3 b6 29. Qe5 Qd8 30. Qe3 h6 31. Qf4 Bb1 32.
Qf2 c5 33. Qb2 Bd3 34. Qc3 c4 35. Nd4 a6 36. Nc6 Qd6 37. Ne5 b5 38. a3 a5 39.
Nxd3 cxd3 40. Qxa5 d2 0-1

[Event "East Detroit (MCO/1/39)"]
[Site "?"]
[Date "1984.??.??"]
[Round "?"]
[White "Jimenez, B.."]
[Black "Suess, J.."]
[Result "1-0"]
[WhiteElo "1775"]
[BlackElo "1605"]
[PlyCount "77"]
[EventDate "1984.??.??"]

{1/(39)} 1. e4 d6 2. d4 Nd7 3. Nf3 c6 4. Ng5 Ngf6 5. Bc4 e6 6. O-O h6 7. Nf3
Nxe4 8. Re1 d5 9. Bd3 Ndf6 10. Ne5 Bd6 11. Nd2 Nxd2 12. Bxd2 Qb6 13. Bc3 Bb4
14. Qd2 a5 15. a3 Bxc3 16. Qxc3 Qc7 17. Qd2 b5 18. Re3 Bb7 19. Rg3 g5 20. Rf3
Qe7 21. h3 a4 22. b3 axb3 23. cxb3 Rxa3 24. Rxa3 Qxa3 25. Rxf6 Qa1+ 26. Bf1 Rh7
27. Qd3 Rg7 28. Rxh6 Ke7 29. Kh2 f6 30. Ng4 Qa8 31. Rxf6 Qb8+ 32. g3 Bc8 33.
Qf3 Bd7 34. Ne5 Be8 35. Rf8 Qc7 36. Qf6+ Kd6 37. Rxe8 Re7 38. Nf7+ Kd7 39.
Qxe7# 1-0

[Event "East Detroit (MCO/3/26)"]
[Site "?"]
[Date "1984.??.??"]
[Round "?"]
[White "Jimenez, B.."]
[Black "Roberts, Kenneth"]
[Result "1-0"]
[WhiteElo "1775"]
[BlackElo "1605"]
[PlyCount "73"]
[EventDate "1984.??.??"]

{3/(26)} 1. d4 Nf6 2. c4 e6 3. Nc3 Bb4 4. a3 Be7 5. Nf3 c5 6. e3 O-O 7. Bd3
cxd4 8. exd4 d5 9. c5 Nc6 10. O-O h6 11. b4 a5 12. b5 Nxd4 13. Nxd4 Bxc5 14.
Nb3 Bd6 15. a4 b6 16. Bb2 Bb7 17. Ne2 Re8 18. f4 Ng4 19. Rf3 e5 20. Rg3 Qh4 21.
Rh3 Qf2+ 22. Kh1 exf4 23. Bd4 Ne3 24. Qg1 Qxg1+ 25. Kxg1 Be5 26. Rc1 Bxd4 27.
Nbxd4 Rac8 28. Rxc8 Rxc8 29. Nxf4 Rc1+ 30. Kf2 Ng4+ 31. Ke2 Ra1 32. Bc2 Ra2 33.
Rc3 g5 34. Nh5 f5 35. Rc7 f4 36. h3 Ne3 37. Nf6+ 1-0

[Event "East Detroit (MCO/5/24)"]
[Site "?"]
[Date "1984.??.??"]
[Round "?"]
[White "Jimenez, B.."]
[Black "Nowicki, B.."]
[Result "1-0"]
[WhiteElo "1775"]
[BlackElo "1605"]
[PlyCount "103"]
[EventDate "1984.??.??"]

{5/(24)} 1. e4 Nc6 2. Nf3 d6 3. d4 e6 4. c4 a6 5. Bd3 g6 6. O-O Bg7 7. Nc3 Bd7
8. Be3 Nge7 9. a3 O-O 10. Qd2 Qe8 11. d5 Na5 12. Rab1 b6 13. b4 Nb7 14. Bh6 e5
15. Qg5 f6 16. Qe3 Nd8 17. Bxg7 Kxg7 18. Nd2 g5 19. c5 b5 20. c6 Bg4 21. Qg3
Bh5 22. f4 Qg6 23. f5 Qh6 24. Rf2 Kh8 25. Nf1 Rg8 26. Qe3 Bf7 27. Rf3 Qg7 28.
Rh3 g4 29. Rh4 Qg5 30. Qxg5 Rxg5 31. Be2 h5 32. Kf2 Kg7 33. h3 Ng8 34. hxg4
hxg4 35. Rxg4 Nh6 36. Rxg5+ fxg5 37. Ne3 Be8 38. Rh1 Ndf7 39. Ng4 Nxg4+ 40.
Bxg4 Nh6 41. f6+ Kxf6 42. Rxh6+ Kg7 43. Re6 Kf7 44. Bh5+ Kf8 45. Rxe8+ Rxe8 46.
Bxe8 Kxe8 47. Kf3 Kf7 48. Kg4 Kg6 49. a4 bxa4 50. Nxa4 Kh6 51. Nc3 Kg6 52. b5
1-0

[Event "East Detroit (MCO/4/7)"]
[Site "?"]
[Date "1984.??.??"]
[Round "?"]
[White "Jarosz, Stan"]
[Black "Smith, Walt"]
[Result "1-0"]
[WhiteElo "2030"]
[BlackElo "1955"]
[PlyCount "75"]
[EventDate "1984.??.??"]

{4/(7)} 1. d4 Nf6 2. c4 e6 3. Nf3 b6 4. a3 Bb7 5. Nc3 Be7 6. d5 O-O 7. e4 d6 8.
Be2 Nbd7 9. O-O c6 10. dxe6 fxe6 11. Ng5 Nc5 12. b4 Ne8 13. Nxh7 Kxh7 14. bxc5
bxc5 15. Bd3 e5 16. Ne2 g6 17. f4 Ng7 18. f5 g5 19. Ng3 Qe8 20. Qg4 Qd8 21. Nh5
Bc8 22. Rf3 Rf7 23. Rh3 Kg8 24. Bd2 d5 25. Nxg7 dxc4 26. Qh5 Qd4+ 27. Be3 Qxa1+
28. Bf1 Rxg7 29. Bxg5 Qd4+ 30. Kh1 Bxf5 31. exf5 Bxg5 32. Qh8+ Kf7 33. Qxa8 Be3
34. Qxc6 Kf8 35. Rh8+ Rg8 36. Qf6+ Ke8 37. Rxg8+ Kd7 38. Rg7+ 1-0

[Event "Plymouth (MI Op/1b/11)"]
[Site "?"]
[Date "1984.??.??"]
[Round "?"]
[White "Jarosz, Stan"]
[Black "Selitsky, B.."]
[Result "1/2-1/2"]
[WhiteElo "2035"]
[BlackElo "1790"]
[PlyCount "107"]
[EventDate "1984.??.??"]

1. d4 d5 2. c4 e6 3. Nc3 Nf6 4. cxd5 exd5 5. Bg5 Be7 6. e3 O-O 7. Bd3 h6 8. Bh4
c6 9. Qc2 Re8 10. Nf3 Ne4 11. Bxe7 Qxe7 12. O-O Nd7 13. Rab1 Ndf6 14. Bxe4 Nxe4
15. Nxe4 Bf5 16. Nfd2 Bxe4 17. Nxe4 dxe4 18. b4 Rac8 19. Rfc1 Qd7 20. Qb3 b6
21. Rc3 Rc7 22. Rbc1 Rec8 23. Qc2 f5 24. a4 Qd5 25. Qb3 Qxb3 26. Rxb3 Kf7 27.
Rbc3 Ke6 28. g3 g5 29. a5 Kd5 30. axb6 axb6 31. Kg2 Ra8 32. h3 Ra4 33. Rb1 h5
34. g4 hxg4 35. hxg4 f4 36. exf4 gxf4 37. b5 c5 38. dxc5 Rxc5 39. Rxc5+ Kxc5
40. Rb2 Ra7 41. Rd2 Rg7 42. Kh3 Kxb5 43. Rd5+ Kc4 44. Rf5 Rh7+ 45. Kg2 f3+ 46.
Kg3 Re7 47. g5 b5 48. g6 b4 49. Rf7 Re8 50. g7 Rg8 51. Kf4 b3 52. Rb7 Kc3 53.
Kxe4 b2 54. Rc7+ 1/2-1/2